000 01200nam a2200337 a 4500
001 vtls000056472
003 NLI
005 20210601190952.0
008 101125s1978 hiu 001 0 eng
020 _a0824806069 :
_cUSD 3.50
039 9 _y201011250540
_zVLOAD
040 _aNLI
_beng
_cVTLS
_eAACR2
041 0 _aeng
044 _ahiu
082 0 4 _a420.7
100 1 _aMarckwardt, Albert Henry,
_d1903-1975
_9141780
245 1 4 _aThe place of literature in the teaching of English as a second or foreign language /
_cAlbert H. Marckwardt
260 _aHawaii :
_bUniversity Press of Hawaii,
_cc1978
300 _aviii, 78 p. ;
_c23 cm.
504 _aIncludes bibliographical references and index
650 0 _aEnglish language
_xStudy and teaching
_xForeign speakers
_9134481
650 0 _aSecond language acquisition
_9132651
650 0 _aLiterature
_xStudy and teaching
_91554
887 _a
901 _a461630
_b03.06.1980
902 _aE420.7 M333p
906 _a0008637
949 _AVIRTUAITEM
_D10000
_X100
_6PUR000461630ENG
942 _2ddc
_cBKS
999 _aVIRTUA00
_c59624
_d59624
999 _aVTLSSORT0080*0200*0400*0410*0440*0820*1000*2450*2600*3000*5040*6500*6501*6502*9010*9020*9060*9490*9991